000 00223nam a2200097Ia 4500
008 240331s9999 xx 000 0 und d
082 _bKAI
100 _aKailasapathy, K
245 0 _aSarvathesa arasiyal nikalvukal
942 _cL
999 _c2249
_d2249